A Fever You Can't Sweat Out - ALL LYRICS - Statistics

General Stats
  • This quiz has been taken 48 times
    45 since last reset
  • The average score is 3217 of 4120
Answer Stats
Answers % Correct
I
100%
in
100%
b
96%
of
96%
p
96%
the
96%
a
92%
an
92%
and
92%
be
92%
da
92%
eyes
92%
for
92%
have
92%
he
92%
is
92%
it
92%
it?
92%
just
92%
la
92%
on
92%
people
92%
ta
92%
that
92%
these
92%
they
92%
up
92%
up)
92%
who
92%
wit
92%
you
92%
your
92%
all
88%
ba
88%
BA BA
88%
back
88%
BA DOO
88%
but
88%
can
88%
can't
88%
do
88%
hear
88%
I'm
88%
IV
88%
make
88%
me
88%
me?
88%
no
88%
not
88%
out
88%
pen
88%
sit
88%
then
88%
thy
88%
to
88%
we
88%
what
88%
when
88%
will
88%
with
88%
as
83%
at
83%
beat
83%
because
83%
bet
83%
better
83%
come
83%
did
83%
even
83%
from
83%
get
83%
her
83%
it's
83%
let
83%
like
83%
name
83%
never
83%
oh
83%
place
83%
she
83%
so
83%
still
83%
think
83%
this
83%
time
83%
top
83%
wait
83%
where
83%
whoa
83%
whoa!
83%
you're
83%
along
79%
am
79%
another
79%
any
79%
are
79%
attention
79%
bed
79%
believe
79%
boy
79%
boys
79%
by
79%
cause
79%
don't
79%
door
79%
down
79%
dress?
79%
ever
79%
fashion
79%
floor
79%
getting
79%
girl
79%
girls
79%
god
79%
good
79%
haven't
79%
heard
79%
hospital
79%
if
79%
inside
79%
I've
79%
keep
79%
(keep
79%
know
79%
left
79%
listen
79%
look
79%
may
79%
meet
79%
my
79%
narrator
79%
new
79%
now
79%
off
79%
off?
79%
page
79%
right
79%
say
79%
see
79%
seems
79%
shake
79%
she's
79%
some
79%
studio
79%
sure
79%
swear
79%
take
79%
talk
79%
tears
79%
them
79%
there
79%
toes
79%
trophy
79%
under
79%
us
79%
was
79%
well
79%
we'll
79%
we're
79%
were
79%
wives
79%
wonderful
79%
you'll
79%
yourself
79%
audience
75%
beating
75%
before
75%
breath
75%
cancer
75%
cancer?
75%
dead
75%
dear
75%
every
75%
face
75%
faster!
75%
faster
75%
feel
75%
give
75%
(give
75%
got
75%
heart
75%
intimacy
75%
Introduction
75%
introduction
75%
kind
75%
let's
75%
(let's
75%
lights
75%
lights!
75%
looked
75%
love
75%
malice
75%
more
75%
one
75%
please
75%
poise
75%
prologue?
75%
really
75%
relax
75%
room
75%
seat?
75%
stand
75%
sweat?
75%
sweat
75%
than
75%
things
75%
tonight
75%
word
75%
would
75%
young
75%
again
71%
age
71%
aim
71%
always
71%
announcement
71%
applause
71%
baby
71%
been
71%
break!
71%
break)
71%
break
71%
cabaret
71%
call
71%
chain
71%
chime
71%
choke
71%
church
71%
close?
71%
close
71%
closing
71%
consenting
71%
corridor
71%
dance
71%
day
71%
desperate
71%
diva
71%
doesn't
71%
envy
71%
fingers
71%
forgetting
71%
fuck
71%
goddamn
71%
gonna
71%
had
71%
hats
71%
hearts
71%
help
71%
hold
71%
I'd
71%
imagine
71%
kinds
71%
kiss
71%
lips
71%
lover
71%
loving
71%
mean
71%
minute
71%
much
71%
need
71%
night
71%
or
71%
pacing
71%
pick
71%
proper
71%
punch
71%
rationality
71%
says
71%
sense
71%
set
71%
shame
71%
shit
71%
shotgun
71%
spike
71%
teen
71%
telling
71%
touch
71%
very
71%
wedding
71%
words
71%
about
67%
accident
67%
ballroom
67%
beautiful
67%
black
67%
bleeding
67%
body
67%
bride
67%
bridesmaid
67%
camera
67%
canes
67%
cigarette
67%
cry
67%
didn't
67%
distracted
67%
doorman
67%
dream
67%
dreams
67%
estrogen
67%
events
67%
exchanging
67%
feet
67%
fight
67%
guess
67%
gun
67%
harlequin
67%
heat
67%
hell
67%
hiding
67%
his
67%
hope
67%
hotter
67%
kid
67%
laced
67%
lawyer
67%
least
67%
leave
67%
makes
67%
moment
67%
nitroglycerin
67%
op
67%
our
67%
passenger
67%
pews
67%
photo
67%
posture?
67%
pulling
67%
said
67%
scene
67%
screaming
67%
sizing
67%
skin
67%
stay
67%
sweetie
67%
table
67%
tap
67%
testosterone
67%
that's
67%
thought
67%
trigger
67%
underdressed
67%
waiter
67%
walk
67%
way
67%
whore
67%
wrong
67%
yes
67%
you'd
67%
4th
63%
according
63%
already
63%
artists
63%
aubergine
63%
banquet
63%
blood
63%
caricature
63%
champagne
63%
cheap
63%
composure
63%
confident
63%
course
63%
crash
63%
days
63%
deal
63%
everything
63%
exactly
63%
fact
63%
goes
63%
groom's
63%
happen
63%
I'll
63%
inspiring
63%
isn't
63%
last
63%
linoleum
63%
little
63%
magazines
63%
making
63%
marriage
63%
mildly
63%
only
63%
overcoats
63%
past
63%
plan
63%
poor
63%
pour
63%
progress
63%
put
63%
raindrops
63%
reading
63%
roses
63%
saved
63%
shh
63%
sick
63%
sing
63%
stains
63%
strip
63%
technically
63%
terrible
63%
therapeutic
63%
unappealing
63%
virgin
63%
wet
63%
white
63%
ain't
58%
ask
58%
band!
58%
between
58%
box
58%
bullet
58%
calls
58%
chance
58%
choose
58%
chorus?
58%
conventional
58%
corner
58%
dash
58%
deserving
58%
dim
58%
dresses
58%
fame
58%
firm
58%
focus!
58%
hall
58%
hands
58%
here's
58%
ladies
58%
lime
58%
line
58%
met
58%
mirror
58%
money
58%
mouth
58%
move
58%
move!
58%
needs
58%
normal
58%
part
58%
praying
58%
queen
58%
recall
58%
relapse
58%
ruining
58%
scent
58%
setting
58%
shaking
58%
should
58%
show
58%
sleeping
58%
stage
58%
stop
58%
strike
58%
taking
58%
they're
58%
toast
58%
walls
58%
wearing
58%
wondering
58%
worth
58%
acid
54%
afraid
54%
approve
54%
aside
54%
burlesque
54%
business
54%
caught
54%
cheating
54%
club's
54%
compact
54%
daiquiri
54%
downtown
54%
emergency
54%
evening
54%
expect
54%
favorite
54%
how
54%
icu's
54%
job
54%
kill
54%
lap
54%
monday
54%
mrs
54%
naivety
54%
(panic
54%
paper
54%
paying
54%
play
54%
pleasant
54%
press)
54%
quarantine
54%
remind
54%
ridiculously
54%
sad
54%
selfish
54%
shoulders
54%
shrug
54%
single
54%
snap
54%
somewhere
54%
stomach
54%
strictly
54%
surreptitious
54%
tight
54%
tucked
54%
upon
54%
urgency
54%
vain
54%
weather
54%
wings
54%
wouldn't
54%
wrecking
54%
wrote
54%
above
50%
accentuating
50%
anesthetic
50%
apathy
50%
attorney
50%
away
50%
basis
50%
beckoning
50%
bruises
50%
cameraman
50%
Camisado
50%
campaign
50%
catholic
50%
contusions
50%
critics
50%
cut
50%
daily
50%
decorated
50%
different
50%
disinterest
50%
fashionistas
50%
few
50%
finds
50%
first
50%
fixing
50%
hooks
50%
indifference
50%
joint
50%
lost
50%
motels
50%
odd
50%
patients
50%
peach
50%
physicians
50%
record
50%
regular
50%
rest
50%
roaches
50%
role
50%
sarcastic
50%
sets
50%
sheds
50%
sincere
50%
sliding
50%
slightly
50%
street
50%
sweating
50%
swing
50%
today
50%
tongue
50%
train
50%
trip
50%
webzine
50%
won't
50%
you've
50%
bag
46%
best
46%
causing
46%
commotion
46%
conductor
46%
cross
46%
dose
46%
douse
46%
earned
46%
faked
46%
formaldehyde
46%
gentlemen
46%
gurney
46%
habit
46%
hip
46%
holes
46%
I Write Sins Not Tragedies
46%
lingerie
46%
Lying is the Most Fun a Girl Can Have Without Taking Her Clothes Off
46%
might
46%
next
46%
pills
46%
pin-stripes
46%
purse
46%
racing
46%
rooms
46%
seated
46%
sheets
46%
she'll
46%
shock
46%
shut
46%
sins
46%
situations
46%
slacks
46%
smokes
46%
song
46%
stalling
46%
start
46%
swallow
46%
teeth
46%
two
46%
wake
46%
want
46%
whispering
46%
after
42%
allegedly
42%
asbestos
42%
But It's Better If You Do
42%
case
42%
character
42%
chokes
42%
condemned
42%
congregation
42%
constable
42%
contradiction
42%
decomposing
42%
dignified
42%
forgive
42%
ghost
42%
head
42%
he's
42%
hint
42%
hours
42%
I Constantly Thank God for Esteban
42%
Intermission
42%
mention
42%
Nails for Breakfast Tacks for Snacks
42%
offset
42%
off-white
42%
phoned
42%
practiced
42%
running
42%
shakes
42%
slurred
42%
speech
42%
talking
42%
walking
42%
watch
42%
we've
42%
while
42%
yeah
42%
affliction
38%
appealing
38%
burning
38%
certain
38%
charm
38%
closer
38%
conviction!
38%
displays
38%
done
38%
enough
38%
entering
38%
extent
38%
extraordinaire
38%
fire
38%
forged
38%
fremont
38%
getaway
38%
gospel
38%
graced
38%
gunslinger
38%
hospice
38%
maybe
38%
moonlighting
38%
parish
38%
preach
38%
proposition
38%
pulpit
38%
quiet
38%
relaxing
38%
rosary
38%
sakes
38%
sensationalist
38%
slit
38%
something
38%
themselves
38%
Time to Dance
38%
tongues
38%
weekend
38%
witness
38%
wrists
38%
alone
33%
atop
33%
blacking
33%
clever
33%
faux
33%
feels
33%
forked
33%
gets
33%
guesses
33%
held
33%
lack
33%
lungs
33%
number
33%
prescribed
33%
profound
33%
selling
33%
sermons
33%
sharp
33%
step
33%
stutter
33%
support
33%
The Only Difference Between Martyrdom and Suicide is Press Coverage
33%
thereof
33%
wave
33%
Build God Then We'll Talk
29%
doves
29%
fixes
29%
house
29%
purpose
29%
shade
29%
sips
29%
sits
29%
substandard
29%
There's a Good Reason These Tables Are Numbered Honey You Just Haven't Thought of it Yet
29%
veteran
29%
decide
25%
late?
25%
London Beckoned Songs About Money Written by Machines
25%
range
25%
smirking
25%
spilled
25%
called
21%
ooh
21%
tenants
21%
accessorizing
17%
badge
17%
No matching quizzes found
Score Distribution
Percent of People with Each Score
Percentile by Number Answered
Your Score History
You have not taken this quiz since the last reset